000 01163nam2a2200313 4500
001 RU\NLR\BIBL_A\022111433
005 20250806202816.0
035 _a(NLR Aleph) 022111433
090 _a64730
_c64730
100 _a20250806 rusy50
101 0 _arus
102 _aRU
135 _acrcn 024anaba
200 0 _a1944, № 111 (5088) (6 июня)
210 _d1944
325 1 _aКопия доступна в электронной библиотеке РНБ
461 0 _1001RU\NLR\DIGIT\NP\000452
_12001#$aАДЖАРИЯ$v1944, № 111 (5088) (6 июня)
852 _aNLR
_jР10766
852 _aNLR
_jР2/33
856 0 _uhttps://vivaldi.nlr.ru/ap000098138/view
856 1 _uhttps://vivaldi.nlr.ru/ap000098138/cover
856 2 _uhttps://vivaldi.nlr.ru/ap000098138/text
901 _eГазеты
942 _cISSNP
945 _aРоссийская национальная библиотека
980 _aNB
980 _aBV
981 2 7 _a(27) Периодические издания
_b(27) Газеты